书目信息 |
| 题名: |
人体结构与功能学习指导与习题集
|
|
| 作者: | 张晓丽 主编 | |
| 分册: | ||
| 出版信息: | 武汉 华中科技大学出版社 2016.8 |
|
| 页数: | 150页 | |
| 开本: | 26cm | |
| 丛书名: | ||
| 单 册: | ||
| 中图分类: | Q983 | |
| 科图分类: | ||
| 主题词: | 人体结构--高等职业教育--教学参考资料 | |
| 电子资源: | ||
| ISBN: | 978-7-5680-2041-1 | |
| 000 | 01113nam0 2200241 450 | |
| 001 | 0400004574 | |
| 005 | 20171024130624.0 | |
| 010 | @a978-7-5680-2041-1@dCNY30.00 | |
| 100 | @a20161019d2016 em y0chiy50 ea | |
| 101 | 0 | @achi |
| 102 | @aCN@b420000 | |
| 105 | @ay z 000yy | |
| 106 | @ar | |
| 200 | 1 | @a人体结构与功能学习指导与习题集@9ren ti jie gou yu gong neng xue xi zhi dao yu xi ti ji@f张晓丽主编 |
| 210 | @a武汉@c华中科技大学出版社@d2016.8 | |
| 215 | @a150页@d26cm | |
| 300 | @a供护理、助产、药学、检验、影像、口腔、信息、康复等专业使用 | |
| 330 | @a本书是由人体解剖学、组织学和生理学练习题构成,有利于学生从宏观结构到微细结构,从结构到功能复习、掌握章节要点、自我检测学习效果用的辅助教材。教材内容由三部分组成:一是纲要部分,以思维导图形式高度概括某章的核心内容,帮助学生抓住本章节最重要、最基本的内容;二是习题与精解部分,帮助学生复习、自学、掌握章节要点、自我检测学习效果。三是参考答案,每章习题后附参考答案。 | |
| 606 | 0 | @a人体结构@x高等职业教育@j教学参考资料 |
| 690 | @aQ983@v5 | |
| 701 | 0 | @a张晓丽@9zhang xiao li@4主编 |
| 801 | 0 | @aCN@b91MARC@c20171024 |
| 905 | @b1038375-9@dQ983@f5@e54 | |
| 人体结构与功能学习指导与习题集/张晓丽主编.-武汉:华中科技大学出版社,2016.8 |
| 150页;26cm |
| 供护理、助产、药学、检验、影像、口腔、信息、康复等专业使用 |
| ISBN 978-7-5680-2041-1:CNY30.00 |
| 本书是由人体解剖学、组织学和生理学练习题构成,有利于学生从宏观结构到微细结构,从结构到功能复习、掌握章节要点、自我检测学习效果用的辅助教材。教材内容由三部分组成:一是纲要部分,以思维导图形式高度概括某章的核心内容,帮助学生抓住本章节最重要、最基本的内容;二是习题与精解部分,帮助学生复习、自学、掌握章节要点、自我检测学习效果。三是参考答案,每章习题后附参考答案。 |
| ● |
| 相关链接 |
|
|
|
|
正题名:人体结构与功能学习指导与习题集
索取号:Q983/54
 
预约/预借
| 序号 | 登录号 | 条形码 | 馆藏地/架位号 | 状态 | 备注 |
| 1 | 1038375 | 210383752 | 第二样本阅览室/ [索取号:Q983/54] | 在馆 | |
| 2 | 1038376 | 210383761 | 密集书库-生命科学系/ [索取号:Q983/54] | 在馆 | |
| 3 | 1038377 | 210383770 | 第三借阅区/ [索取号:Q983/54] | 在馆 | |
| 4 | 1038378 | 210383789 | 第三借阅区/ [索取号:Q983/54] | 在馆 | |
| 5 | 1038379 | 210383798 | 第三借阅区/ [索取号:Q983/54] | 在馆 |